| 000 | 00899nam a2200325Ia 4500 | ||
|---|---|---|---|
| 008 | 160803s9999 xx 000 0 und d | ||
| 020 | _a 978-0439559669 | ||
| 100 | _aStilton, Geronimo | ||
| 245 | _aI'm too fond of my fur! / | ||
| 245 | _cGeronimo Stilton ; illustrations by Larry Keys ; English translation by Edizioni Piemme S.p.A. | ||
| 260 | _aNew York : | ||
| 260 | _bScholastic Inc. | ||
| 260 | _c2004 | ||
| 300 | _a116 pages : | ||
| 300 | _bcolor illustrations, maps ; | ||
| 300 | _c20 cm. | ||
| 440 | _aGeronimo Stilton : | ||
| 440 | _vbk. 4 | ||
| 650 | _aAnimals -- | ||
| 650 | _aJournalists -- | ||
| 650 | _aMice -- | ||
| 650 | _aMountaineering -- | ||
| 650 | _aStilton, Geronimo (Fictitious character) -- | ||
| 650 | _xFiction. | ||
| 650 | _xFiction. | ||
| 650 | _xFiction. | ||
| 650 | _xFiction. | ||
| 650 | _xJuvenile fiction. | ||
| 700 | _a440 | ||
| 999 |
_c298276 _d298276 |
||